La restauración / (Registro nro. 7881)

Detalles MARC
000 -LIDER
fixed length control field 00730nam a2200241 a 4500
001 - NÚMERO DE CONTROL
Identificador de número de control 000030324
003 - IDENTIFICACDOR DE NÚMERO DE CONTROL
control field DO-SdBNP
005 - DATE AND TIME OF LATEST TRANSACTION
control field 20180402102517.0
007 - CAMPOS FIJOS DE DESCRIPCIÓN FÍSICA
fixed length control field 000030324
008 - ELEMENTOS DE LONGITUD FIJA
fixed length control field 110510s2004 dr a 000 0 spa d
040 ## - FUENTE DE CATALOGACIÓN
Agencia que crea de manera original el registro BPMET
Idioma de catalogación spa
Agencia que realiza la transcripción BPMET
092 ## - LOCALLY ASSIGNED DEWEY DECIMAL CALL NUMBER
Número de clasificación xxxx
Número de ítem (Cutter) G861r
100 1# - ASIENTO PRINCIPAL -- NOMBRE PERSONAL
Nombre personal Grimaldi Silié, Eleanor,
Fechas asociadas con el nombre 1948-
245 13 - MENCIÓN DE TITULO
Título La restauración /
Mención de responsabilidad Eleanor Grimaldi Silié.
260 ## - PUBLICACIÓN, DISTRIBUCIÓN, ETC. (PIE DE IMPRENTA)
Lugar de publicación, distribución, etc Santo Domingo :
Nombre del editor, distribuidor, etc. El Siglo,
Fecha de publicación, distribución, etc [19--?].
300 ## - DESCRIPCIÓN FÍSICA
Extensión 31 p. :
Otros detalles físicos il. ;
Dimensiones 26 cm.
930 #1 - EQUIVALENCE OR CROSS-REFERENCE-UNIFORM TITLE HEADING [LOCAL, CANADA]
Language of a work BND01
Medium of performance for music LF1
Field link and sequence number 20110510
Date of a work 01
Name of part/section of a work CT
Miscellaneous information 24770
942 ## - ADDED ENTRY ELEMENTS (KOHA)
Source of classification or shelving scheme Dewey Decimal Classification
Koha item type Libros
945 ## - INFORMACIÓN DE PROCESAMIENTO LOCAL
Información de procesamiento local Inventariado 2017
956 ## - LOCAL ELECTRONIC LOCATION AND ACCESS (OCLC)
Nombre de host DGARCIA
Número de acceso 10
Información de compresión 20110510
Inicio de sesión BND01
Procesador de solicitud 0935
956 ## - LOCAL ELECTRONIC LOCATION AND ACCESS (OCLC)
Nombre de host TMEREDITH
Número de acceso 10
Información de compresión 20110512
Inicio de sesión BND01
Procesador de solicitud 1059
956 ## - LOCAL ELECTRONIC LOCATION AND ACCESS (OCLC)
Nombre de host VMATEO
Número de acceso 10
Información de compresión 20150515
Inicio de sesión BMET02
Procesador de solicitud 00151
Existencias
Withdrawn status Lost status Source of classification or shelving scheme Damaged status Not for loan Collection code Home library Current library Date acquired Total Checkouts Barcode Date last seen Price effective from Koha item type
    Dewey Decimal Classification     Colección Dominicana Biblioteca Pública Metropolitana Salomé Ureña Biblioteca Pública Metropolitana Salomé Ureña 05/15/2015   BPMET15051732 05/15/2015 05/15/2015 Libros